| 000 | 00508nam a2200181Ia 4500 | ||
|---|---|---|---|
| 003 | LK-CoDNM | ||
| 008 | 010623t2001 xxu||||| |||| 00| 1 sin d | ||
| 040 |
_aLK-CoDNM _dLK-CoDNM _eLK-CoDNM |
||
| 041 | _asin | ||
| 080 |
_a809.13 _bSUM |
||
| 100 |
_aRev.Sumanajothi, Pallaththara Sri _eed. |
||
| 245 | _aපාළි භාෂා ව්යාකරණය | ||
| 246 | _aPali bhasha viyakaranaya | ||
| 260 |
_bS.Godage _aColombo _c2001 |
||
| 300 | _b319, 21.5 cm | ||
| 650 | _aPali Language | ||
| 942 | _cBK | ||
| 999 |
_c121280 _d121280 |
||